Split Delivery Vehicle Routing Problem with Time Windows

Enregistré dans:
Détails bibliographiques
Auteur principal: Čičková, Zuzana, 1978-
Autres auteurs: Reiff, Marian, 1978-, Surmanová, Kvetoslava
Format: Chapitre de livre
Langue:anglais
Sujets:
Tags: Ajouter un tag
Pas de tags, Soyez le premier à ajouter un tag!

MARC

LEADER 00000nla a2200000 4500
001 0192704
005 20240716091547.3
041 0 |a eng 
044 |a CZ 
245 1 0 |a Split Delivery Vehicle Routing Problem with Time Windows  |c Zuzana Čičková, Marian Reiff, Kvetoslava Surmanová 
610 2 0 |a logistika 
610 2 0 |a dodávky 
610 2 0 |a kapacita prepravná 
610 2 0 |a distribúcia 
610 2 0 |a modely matematické 
100 1 |a Čičková, Zuzana, 1978- 
700 1 |a Reiff, Marian, 1978- 
700 1 |a Surmanová, Kvetoslava